LEADER 04836nam 2200625Ia 450 001 9910785176203321 005 20230725024839.0 010 $a1-4384-3395-6 010 $a1-4416-6961-2 035 $a(CKB)2670000000041760 035 $a(EBL)3407264 035 $a(SSID)ssj0000419779 035 $a(PQKBManifestationID)11331812 035 $a(PQKBTitleCode)TC0000419779 035 $a(PQKBWorkID)10384615 035 $a(PQKB)10452334 035 $a(MiAaPQ)EBC3407264 035 $a(Au-PeEL)EBL3407264 035 $a(CaPaEBR)ebr10574126 035 $a(OCoLC)658062355 035 $a(EXLCZ)992670000000041760 100 $a20100203d2010 ub 0 101 0 $aeng 135 $aur|n|---||||| 181 $ctxt 182 $cc 183 $acr 200 10$aHolotropic breathwork$b[electronic resource] $ea new approach to self-exploration and therapy /$fStanislav Grof & Christina Grof ; foreword by Jack Kornfield 210 $aAlbany $cState University of New York Press$dc2010 215 $a1 online resource (284 p.) 225 1 $aSUNY series in transpersonal and humanistic psychology 300 $aDescription based upon print version of record. 311 $a1-4384-3393-X 320 $aIncludes bibliographical references and index. 327 $a""HOLOTROPIC BREATHWORK""; ""HOLOTROPIC BREATHWORK""; ""CONTENTS""; ""FOREWORD""; ""PREFACE""; ""ACKNOWLEDGMENTS""; ""CHAPTER ONE: Historical Roots of Holotropic Breathwork""; ""1. Sigmund Freud and the dawn of depth psychology""; ""2. Humanistic psychology and experiential therapies""; ""3. The advent of psychedelic therapy""; ""4. Abraham Maslow, Anthony Sutich, and the birth of transpersonal psychology""; ""CHAPTER TWO: Theoretical Foundations of Holotropic Breathwork""; ""1. Holotropic states of consciousness""; ""2. Dimensions of the human psyche"" 327 $a""3. The nature, function, and architecture of emotional and psychosomatic disorders""""4. Effective therapeutic mechanisms""; ""5. Strategy of psychotherapy and self-exploration""; ""6. The role of spirituality in human life""; ""7. The nature of reality: Psyche, cosmos, and consciousness""; ""CHAPTER THREE: Essential Components of Holotropic Breathwork""; ""1. The healing power of breath""; ""2. The therapeutic potential of music""; ""3. The use of releasing bodywork""; ""4. Supportive and nourishing physical contact""; ""5. Mandala drawing: The expressive power of art"" 327 $a""CHAPTER FOUR: The Practice of Holotropic Breathwork""""1. Use of Holotropic Breathwork in individual sessions and groups""; ""2. Setting and interpersonal support system""; ""3. Theoretical preparation of participants""; ""4. Screening for physical and emotional contraindications""; ""5. Practical instructions for breathwork sessions""; ""6. Preparation for the session and the relaxation exercise""; ""7. Conducting Holotropic Breathwork sessions""; ""8. The spectrum of holotropic experiences""; ""9. The role of the facilitators""; ""10. Mandala drawing and the processing groups"" 327 $a""CHAPTER FIVE: Integration of the Breathwork Experience and Follow-Up Work""""1. Creating conditions for optimal integration""; ""2. Easing the transition to everyday life""; ""3. Conducting follow-up interviews""; ""4. Using various methods complementing holotropic breathwork""; ""CHAPTER SIX: Trials and Tribulations of Holotropic Breathwork Facilitators""; ""1. Encounter with the military junta in Buenos Aires""; ""2. Competing with the exhibition of Doberman pinschers""; ""3. Culture-bound challenges for Holotropic Breathwork facilitators"" 327 $a""4. Technological ordeals in Holotropic Breathwork sessions""""5. The pisspot, oinking piglets, and smoldering Kleenexes""; ""6. Supreme ordeal Down Under""; ""7. Conducting Holotropic Breathwork in adversarial settings""; ""CHAPTER SEVEN: Therapeutic Potential of Holotropic Breathwork""; ""1. Healing of emotional and psychosomatic disorders""; ""2. Favorable Effect on Physical Diseases""; ""3. Effect on personality, worldview, life strategy, and hierarchy of values""; ""4. Potential for healing of cultural wounds and historical conflict resolution"" 327 $a""CHAPTER EIGHT: Therapeutic Mechanisms Operating in Holotropic Breathwork"" 410 0$aSUNY series in transpersonal and humanistic psychology. 606 $aHolotropic Breathwork (Trademark) 606 $aPsychotherapy$xMethodology 615 0$aHolotropic Breathwork (Trademark) 615 0$aPsychotherapy$xMethodology. 676 $a615.8/36 700 $aGrof$b Stanislav$f1931-$0162911 701 $aGrof$b Christina$0726979 801 0$bMiAaPQ 801 1$bMiAaPQ 801 2$bMiAaPQ 906 $aBOOK 912 $a9910785176203321 996 $aHolotropic breathwork$93699938 997 $aUNINA LEADER 03314nam 2200589zu 450 001 9910137469103321 005 20241120175033.0 010 $a2-940415-51-X 024 7 $a10.4000/books.iheid.126 035 $a(CKB)3170000000061003 035 $a(SSID)ssj0001542078 035 $a(PQKBManifestationID)11863101 035 $a(PQKBTitleCode)TC0001542078 035 $a(PQKBWorkID)11535781 035 $a(PQKB)10376308 035 $a(WaSeSS)IndRDA00045693 035 $a(FrMaCLE)OB-iheid-126 035 $a(oapen)https://directory.doabooks.org/handle/20.500.12854/63071 035 $a(PPN)182838315 035 $a(oapen)doab63071 035 $a(EXLCZ)993170000000061003 100 $a20160829d2011 uy 101 0 $afre 135 $aur||||||||||| 181 $ctxt 182 $cc 183 $acr 200 10$a"Société civile" et évolution de l'autoritarisme en Syrie 210 $cGraduate Institute Publications$d2011 210 31$a[Place of publication not identified]$cGraduate Institute Publications$d2011 215 $a1 online resource (99 pages) 225 0 $aeCahiers de l'Institut ;$v8 300 $aBibliographic Level Mode of Issuance: Monograph 311 08$a2-940415-50-1 320 $aIncludes bibliographical references. 330 $aLa question de la démocratisation des régimes arabes est au c?ur des débats théoriques depuis les années 1990. Tantôt elle met en évidence les leviers potentiels de la démocratie, tantôt elle dénonce le jeu des régimes autoritaires « améliorés ». Quelle est la spécificité du régime syrien ? Comment comprendre l?émergence de la « société civile » dans l?espace public syrien ? Quelles stratégies le pouvoir a-t-il développé par rapport aux organisations non gouvernementales ? Ces stratégies reflètent-elle une évolution du gouvernement en Syrie ? Cette étude ? fruit d?un travail de terrain ? contribue à éclairer la trajectoire de la Syrie dans le contexte actuel des révolutions arabes. "A l?heure où les relations entre société civile et autoritarisme sont au c?ur des débats dans le monde arabe, cette publication offre à la fois une excellente synthèse théorique de ces questions, tout en révélant les résultats d?une enquête de terrain de plusieurs mois. Sur le plan scientifique, son analyse nous permet de mieux comprendre les événements en Syrie en présentant une recherche très documentée sur un aspect crucial de la politique du régime al-Assad. Toutefois, cette analyse va au-delà du cas syrien, en démontant les impasses de l?autoritarisme, largement remis en question dans cette région par le «printemps arabe»..." (lire la suite) Professeur Riccardo Bocco. 606 $aGovernment - Non-U.S$2HILCC 606 $aLaw, Politics & Government$2HILCC 606 $aGovernment - Asia$2HILCC 610 $agouvernance 610 $adémocratie 610 $aautoritarisme 610 $asociété civile 615 7$aGovernment - Non-U.S. 615 7$aLaw, Politics & Government 615 7$aGovernment - Asia 700 $aFioroni$b Claudie$0884388 801 0$bPQKB 906 $aBOOK 912 $a9910137469103321 996 $a"Société civile" et évolution de l'autoritarisme en Syrie$91974892 997 $aUNINA